| 000 | 00565nam a2200241 a 4500 | ||
|---|---|---|---|
| 001 | nice12345678 | ||
| 003 | IN_TiNIC | ||
| 005 | 20260116013502.0 | ||
| 008 | 050524s1970 lona grp 000 0 eng | ||
| 020 |
_a _c100 |
||
| 082 | 0 | 0 |
_a232 _bNEI3 |
| 100 | _aNeill, Stephen | ||
| 245 | _aWhat We Know About Jesus | ||
| 260 |
_aLondon _bLutterworth Press _c1970 |
||
| 300 | _a84p | ||
| 500 | _aincludes index and biblioraphy | ||
| 505 | 2 | _aIndex | |
| 650 | _aChristology | ||
| 700 | 1 | _aNeill, Stephen | |
| 902 | _bSRS | ||
| 942 | _cBK | ||
| 999 |
_c11164 _d11164 |
||